Personnalité pour chaque année - Statistiques

Statistiques générales
  • Ce quiz a été pris 69 fois
  • Le résultat moyen est 36 sur 100
Statistiques - réponses
Année Indice Réponse % Correct
1906 Célèbre physicien français, prix Nobel en 1903, pour ses travaux sur la radioactivité Pierre Curie
82%
1996 Président de la République Française restée le plus longtemps en mandat François Mitterrand
81%
1951 Homme d'état français, chef du régime de Vichy Philippe Pétain
79%
1945 Jeune juive néerlandaise, dont le Journal est l'une des oeuvres les plus marquantes de la Seconde Guerre Mondiale Anne Frank
76%
1989 Célèbre peintre espagnol, connu pour son extravagance et ses moustaches atypiques Salvador Dali
75%
1939 Psychiatre autrichien, créateur de la psychanalyse Sigmund Freud
74%
1984 Première ministre indienne, fille de Jawarhalal Nehru, elle aussi assassinée Indira Gandhi
72%
1976 Femme de lettres anglaise créatrice de Hercule Poirot et de Miss Marple Agatha Christie
71%
1902 Ecrivain français, auteur de grands ouvrages comme L'Argent ou La Bête Humaine Emile Zola
71%
1950 Célèbre auteur britannique dit d'anticipation, avec de célèbres romans comme 1984 ou La Ferme des Animaux, de son vrai nom Eric Arthur Blair George Orwell
71%
1948 Homme politique et guide spirituel indien lâchement assassiné Mohandas Karamchad Gandhi
71%
1947 Gangster américain, associé à la ville de Chicago Alphonse "Al" Capone
69%
1986 Grand chanteur français tragiquement mort dans l'accident de l'hélicoptère du Paris-Dakar dans lequel il se trouvait Daniel Balavoine
69%
1953 Homme d'état soviétique, de son vrai nom Iossif Vissarionovitch Djougachvili Joseph Staline
69%
1999 Grand cinéaste américain, à l'origine de Orange Mécanique et de 2001, l'Odyssée de l'Espace Stanley Kubrick
68%
1987 Peintre américain, connu pour être l'un des chefs de file du pop-art Andy Warhol
65%
1944 Ecrivain et aviateur français ayant travaillé à l'Aéropostale Antoine de Saint-Exupéry
65%
1968 Célèbre pasteur afro-américain, visé par un assassinat de James Earl Grey à Memphis Martin Luther King
65%
1900 Dramaturge irlandais, auteur du Portait de Dorian Gray Oscar Wilde
65%
1955 Biologiste anglais, à l'origine de la sérendipité de la pénicilline Alexander Fleming
63%
1991 Grand chanteur français au comportement atypique, notamment brûlé un billet de 500 francs en direct à la télévision Serge Gainsbourg
63%
1964 Célèbre romancier britannique, auteur de la série de livres James Bond Ian Fleming
62%
1924 Homme d'état russe puis soviétique, langue de la Révolution d'Octobre Vladimir "Lénine" Oulianov
62%
1903 Peintre postimpressioniste, célèbre pour ses peintures de la Polynésie Française Paul Gauguin
59%
1935 Officier français d'origine alsacienne, accusé d'être un espion allemand à tort en 1894, et dont la cause divisa la France Alfred Dreyfus
57%
1905 Ecrivain français réputé pour ses romans d'aventures comme Michel Strogoff ou Deux Ans de Vacances Jules Verne
56%
1979 Célèbre acteur américain de westerns, notamment sous John Ford, dans des films tels que Le Massacre de Fort Apache, Rio Bravo ou Cent Dollars Pour Un Shérif John Wayne
53%
1988 Humoriste français réputé pour son humour noir et son anticonformisme Pierre Desproges
53%
1936 Célèbre écrivain britannique d'origine indienne, créateur des personnages de Rikki-Tikki-Tavi et de Mowgli Rudyard Kipling
53%
1907 Grand chimiste russe, connu pour son célèbre tableau sur les éléments périodiques Dmitri Mendeleïev
49%
1929 Homme militaire français, surnommé "Le Tigre" ou "Le Père La Victoire" Georges Clemenceau
49%
1974 Célèbre écrivain français du sud, célèbre pour Le Temps des Secrets Marcel Pagnol
49%
1938 Homme politique turc, premier président du pays Mustafa "Atatürk" Kemal
47%
1949 Grand boxeur français surnommé le Bombardier Marocain, tragiquement mort dans un accident d'avion Marcel Cerdan
46%
1926 Architecte moderniste catalan, créateur du Parc Güell et tragiquement écrasé par un tramway Antoni Gaudi
44%
1943 Ingénieur serbe naturalisé américain, grand concurrent de Thomas Edison Nikola Tesla
43%
1914 Ecrivain français, auteur du Grand Meaulnes en 1913, tué lors des premiers combats de la Première Guerre Mondiale Alain-Fournier
41%
1982 Célèbre pilote de Formule 1 canadien, qui a failli réaliser l'exploit d'être champion du monde 1982 tout en étant mort au cours de la saison Gilles Villeneuve
40%
1998 Chanteur italien naturalisé français, auteur du Téléfon Nino Ferrer
40%
1994 Ecrivain français, passé à la postérité pour Le Pont de la Rivière Kwaï et surtout La Planète des Singes Pierre Boulle
40%
1932 Mathématicien canadien, fondateur de la médaille remise aux jeunes mathématiciens qui porte son nom John Fields
38%
1990 Célèbre gardien de but soviétique, resté dans l'Histoire pour être le seul gardien à avoir gagné le Ballon d'Or Lev Yachine
38%
1985 Peintre russe naturalisé français de renom, auteur de la peinture de la coupole de l'Opéra Garnier Marc Chagall
38%
1957 Grand couturier français, créateur du New Look et connu pour ses lignes "Corolle" Christian Dior
37%
1983 Célèbre cinéaste espagnol naturalisé mexicain du surréalisme, auteur de Un chien andalou, Belle de Jour et L'Age d'Or Luis Buñuel
37%
1910 Grand écrivain américain, auteur de Huckleberry Finn et Les Aventures de Tom Sawyer Mark Twain
37%
1973 Homme d'Etat chilien, assassiné lors de la prise de pouvoir d'Augusto Pinochet à Santiago de Chili Salvador Allende
37%
1921 Compositeur français, auteur notamment du Carnaval des Animaux Camille Saint-Saëns
35%
1980 Célèbre sportif afro-américain des JO de Berlin, qui ravit quatre médailles d'or Jesse Owens
35%
1931 Homme militaire français, surnommé le Vainqueur de la Marne Joseph Joffre
34%
1975 Ancien dirigeant chinois, créateur de la République de Taïwan Chang-Kaï Tchek
32%
1946 Ecrivain américain, auteur de La Guerre des Mondes en 1898 Herbert George Wells
32%
1954 Mathématicien britannique de légende, à l'origine du craquage de la machine à coder nazie Enigma Alan Turing
31%
1961 Physicien autrichien célèbre pour sa théorie du chat en même temps vivant et mort Erwin Schrödinger
29%
1995 Grand pilote de Formule 1 argentin, enlevé par les Cubains en 1958 Juan Manuel Fangio
29%
1941 Militaire américain, fondateur du mouvement du scoutisme Lord Robert Baden-Powell
29%
1928 Célèbre explorateur norvégien, premier à atteindre le Pôle Sud en 1911 Roald Amundsen
29%
1904 Dramaturge, romancier et novelliste russe, auteur de La Steppe et de La Mouette Anton Tchekhov
28%
1971 Dictateur haïtien surnommé Papa Doc, et qui donna par la suite le pouvoir à son fils François Duvalier
28%
1913 Célèbre ingénieur allemand, on lui doit la création du moteur à combustion interne Rudolf Diesel
28%
1956 Ancien président de la FFF et créateur de la Coupe du Monde de Football Jules Rimet
26%
1967 Célèbre chancelier allemand, le premier de la RFA Konrad Adenauer
26%
1960 Célèbre coureur cycliste italien de l'après-guerre, célèbre pour sa lutte acharnée avec Louison Bobet Fausto Coppi
24%
1937 Ecrivain psychédélique américain, auteur du Mythe de Cthulhu et des Montagnes Hallucinées Howard Philipps Lovecraft
24%
1993 Célèbre danseur de ballet russe, immigré en France, devenu ensuite chorégraphe de l'Opéra de Paris Rudolf Noureev
24%
1942 Célèbre écrivain autrichien du Joueur d'Echecs Stefan Zweig
24%
1925 Pionner de l'aviation français, qui aurait donné le nom d'avion au premier aéroplanes comme sa Chauve-Souris Clément Ader
21%
1963 Homme d'Etat français, principal fondateur de la CECA avec Jean Monnet Robert Schuman
21%
1997 Célèbre rappeur américain, considéré comme l'un des plus grands MC de l'Histoire, avec 2Pac, assassiné quelques mois avant lui Christopher "The Notorious B.I.G." Wallace
19%
1934 Militaire allemand, président de la République de Weimar à partir de 1925 Paul von Hindenburg
18%
1933 30ème président américain, en mandat de 1923 à 1929 Calvin Coolidge
16%
1923 Physicien allemand, découvreur des rayons X en 1895 Wilhelm Conrad Röntgen
16%
1920 Peintre italien ayant vécu dans la ruine, réalisateur de La Juive et de Fillette en Bleu Amedeo Modigliani
15%
1992 Compositeur américain, connu pour ses pianos arrangés et sa musique minimaliste, notamment 4:33, qui consiste en une partition vierge John Cage
15%
1959 Architecte américain du style Prairie et concepteur des maisons usoniennes Frank Lloyd Wright
13%
1952 Maréchal français surnommé "le Roi Jean", grand organisateur du Débarquement de Provence Jean de Lattre de Tassigny
13%
1965 Célèbre médecin français alsacien, constructeur d'un hôpital à Lambaréné, au Gabon Albert Schweitzer
12%
1962 Célèbre scientifique suisse plongeant au plus profond de la fosse des Mariannes avec son Trieste, et qui aurait inspiré à Hergé le personnage du Professeur Tournesol Auguste Piccard
12%
1918 Aviateur allemand de la Grande Guerre, célèbre sous le surnom de Baron Rouge Manfred von Richtofen
12%
1901 Président américain assassiné en fonction William McKinley
12%
1919 Grand écrivain américain de contes pour enfants, réputé pour Le Magicien d'Oz Lyman Frank Baum
10%
1977 Homme d'Etat britannique, successeur de Winston Churchill au poste de Premier Ministre Anthony Eden
9%
1909 Célèbre comédien de la fin du XIXème siècle, passé à la postérité pour son rôle dans Cyrano de Bergerac où il campe le rôle du héros éponyme Constant Coquelin
9%
1958 Scientifique anglaise, première à découvrir la structure hélicoïdale de l'ADN Rosalind Franklin
9%
1908 Autre grand physicien, dont la découverte de la radioactivité grâce aux sels d'uranium est couramment attribuée Henri Bequerel
7%
1940 Journaliste français, créateur du Tour de France en 1903 Henri Desgrange
7%
1912 Homme d'affaires américain, tristement célèbre pour avoir péri dans le naufrage du Titanic John Jacob Astor IV
7%
1916 Militaire français au grade de maréchal, un des chefs décisifs de la Bataille de la Marne de 1914, dont le nom est celui de la rue de l'Esplanade des Invalides Joseph Galliéni
7%
1917 Linguiste polonais, resté célèbre pour avoir créé l'espéranto, langue qui se voulait remplacer l'anglais en tant que Lingua Franca Louis-Lazare Zamenhof
7%
1981 Membre de l'IRA mort le 5 mai, à la suite d'une grève de la faim entamée à la prison de Long Kesh Robert "Bobby" Sands
7%
1970 Célèbre coureur cycliste, qui malheureusement ne gagna jamais le Tour de France à la suite de multiples accidents au pire des moments, et pour lequel on créa le Maillot Jaune en 1919 Eugène Christophe
6%
1911 Compositeur autrichien, auteur de Das Klagende Lied, grand ami de Johannes Brahms Gustav Mahler
6%
1969 Etudiant tchèque qui s'immole par le feu sur la Place Venceslas à Prague pour dénoncer l'invasion soviétique Jan Palach
6%
1978 Grand illustrateur américain, ayant longtemps dans le Saturday Evening Post, auteur de son triple autoportrait Norman Rockwell
6%
1972 Célèbre écrivain japonais, prix Nobel de Littérature en 1968, auteur de Le Grondement de la Montagne Yasunari Kawabata
6%
1922 Grand navigateur des zones australes britannique, célèbre chef du bateau l'Endurance Ernest Shackleton
4%
1930 Explorateur norvégien, et secrétaire des Nations Unies, il met en place le passeport portant son nom pour l'aide aux apatrides Fridtjof Nansen
4%
1966 Célèbre ingénieur russe-soviétique, père de l'astronautique russe Sergueï Korolev
3%
1927 Ecrivain américain, un des maîtres de l'Aventure du Grand Nord avec Jack London, auteur de Les Chercheurs d'Or et de Kazan Jim Curwood
1%
1915 Homme d'Etat mexicain, président du pays après son indépendance Porfirio Diaz
1%
Aucun quiz correspondant
Distribution des résultats
% des personnes avec chaque résultat
Percentile par nombre de réponses
Votre historique - résultats
Vous n’avez pas pris ce quiz